| 000 | 00810cam a2200253 4500 | ||
|---|---|---|---|
| 001 | WS107577 | ||
| 008 | 000000n 000 0 eng u | ||
| 035 | _a(Sirsi) u107577 | ||
| 110 |
_aLaw Society of England and Wales _91639 |
||
| 245 | _aLaw Society | ||
| 520 | _aGood web site including a guide to services. Provides 'consumer style' information on legal issues and how solicitors can help. | ||
| 650 | _aSOLICITORS | ||
| 650 | _aBARRISTERS | ||
| 650 |
_aDISPUTE RESOLUTION _96236 |
||
| 650 | _aMONEY LAUNDERING | ||
| 650 | _aALTERNATIVE DISPUTE RESOLUTION | ||
| 650 | _aCOMPANY LAW | ||
| 650 | _aORGANISATION | ||
| 650 | _aCONVEYANCING | ||
| 650 | _aLEGAL AID | ||
| 690 | _aLAW | ||
| 856 | 4 | 0 |
_uhttps://www.lawsoc.org.uk _zView the website free of charge at www.lawsoc.org.uk... |
| 942 | _n0 | ||
| 999 |
_c119565 _d119565 |
||